Cargando...

Dalit women speak out: caste, class and gender violence in India/

Detalles Bibliográficos
Autor principal: Aloysius Irudayam S J
Otros Autores: Jayshree P Mangubhai, Joel G Lee
Formato: Printed Book
Publicado: New Delhi: Zubaan, 2011.
Materias:
LEADER 007800000a22001930004500
020 |a 9788189884697 
082 |a 305.568 8  |b Q11 
100 |a Aloysius Irudayam S J  |9 3809 
245 |a Dalit women speak out:   |b caste, class and gender violence in India/  |c Aloysius Irudayam S J, Jayasree P Mangubhai and Joel G Lee. 
260 |a New Delhi:  |b Zubaan,  |c 2011. 
300 |a xx, 445p. 
504 |a Includes glossary. 
650 |a Dalit women-Violence against-India.  |9 3818 
650 |a Dalit women-Social conditions-India.  |9 3811 
700 |a Jayshree P Mangubhai.  |9 3812 
700 |a Joel G Lee.  |9 3813 
942 |c BK 
999 |c 50999  |d 50999 
952 |0 0  |1 0  |4 0  |6 305_568000000000000_8_Q11  |7 0  |9 51731  |a MGUL  |b MGUL  |c GEN  |d 2013-07-16  |e Rs.695.30  |l 8  |m 4  |o 305.568 8 Q11  |p 49084  |r 2020-10-01  |s 2020-09-28  |y BK